00757nam a22002417a 450000500170000001000130001702000100003003500130004003700160005304000120006908200150008110000220009624500590011826000380017727000530021530000200026849000060028865000340029465000220032894200240035099900190037495201220039320170124105933.0 aA-541071 c00.00 aA-541071 bCen Lib/Ret aDPLbEN a302.5bJOH aJohn, M. P.98908 aThe creative power in the iondividual /cby M.P. John  aPondicherry c1992bConsecration  bPondicherry a13/15, Rue De La compagniee605001 a109p.c17cm(Hb) a  aCreativity Development 98909 aPhilosophy985839 2ddccENh302.5mJOH c124017d124017 00104070aLbLd2015-06-13eCen Lib/Retg0.00l0o302.5 JOHpA-541071r2015-06-13 00:00:00t1v0.00w2015-06-13yEN